KotLC characters - Statistics

General Stats
  • This quiz has been taken 535 times
  • The average score is 35 of 98
Answer Stats
Hint Answer % Correct
Foster Sophie
100%
Vacker Fitz
93%
Biana
90%
Reuwen Grady
90%
Sencen Keefe
88%
Alden
85%
Edaline
85%
Song Tam
84%
Linh
83%
Della
82%
Dizznee Dex
78%
Amy
77%
Redek Marella
76%
Oralie
76%
Alvar
75%
Stina
75%
Jolie
69%
Endal Wylie
68%
Bex
67%
Gisela
67%
Bronte
66%
Kenric
66%
Lex
66%
Rex
65%
Cassius
59%
(Mirror) Vertina
56%
Prentice
52%
Councillors Alina
49%
Juline
48%
Emery
47%
Imp Iggy
47%
Kesler
47%
Babblos Jensi
46%
Terik
44%
Cyrah
42%
Chebota Maruca
42%
Stuffed Animals Ella
41%
Luna
41%
Mai
40%
Timkin
38%
Fallon
34%
Vika
34%
Wynn
34%
Greyfell
33%
Sonden Livvy
33%
Zarina
33%
Heslege Elwin
32%
Pyren Fintan
32%
Quinlin
32%
Vacker Orem
31%
Quan
29%
Luzia
28%
Clarrette
27%
Noland
27%
Caprise
26%
Ignis Ruy
26%
William
26%
Darek
25%
Forkle Errol
25%
Cat Marty
25%
T-Rex Verdi
24%
(Gulon) Mrs. Stinkbottom
23%
Liora
22%
(Dragon) Mr. Snuggles
22%
Velia
19%
Talle Cadence
17%
Kerlof Leto
16%
Ramira
16%
Alenefar Tiergan
15%
Folend Vespera
15%
(Yeti) Betty/Lady Sassyfur
11%
Ondsinn Gethen
11%
Durand
10%
Fernan
10%
Exillium Coaches Bora
9%
Flareadon Gildie
9%
(Stegosaurus) Stinky
9%
Dog Watson
9%
Emily
6%
Juji
5%
Norene
5%
Rohana
5%
Alicorns Sliveny
5%
Benesh
4%
(Boobrie) Boo Boo
4%
Kafuta Damel
4%
Wilda
4%
Brisa
3%
Harlin
3%
(Jackalope) Harry
3%
Heks Ollie
3%
Pelipa
2%
Silla
2%
Matchmakers Ceri
1%
Pemberly Dempsy
1%
Lesedi
1%
Adel Shada
1%
(Kelpie) Sir Splashyhugs
0%
No matching quizzes found
Score Distribution
Percent of People with Each Score
Percentile by Number Answered
Your Score History
You have not taken this quiz